000 00305nam a2200133Ia 4500
005 20251222155211.0
008 251222s9999||||xx |||||||||||||| ||spa||
082 _aETI.50
100 _aJUNCEDA,Juan Man.
245 0 _aVida salud y confianza
250 _a1ra. ed.
264 _bSan Pablo
942 _cLIB
999 _c40293
_d40293